01333 a2200205 450000500170000000800410001702000180005804000480007604100080012410000230013224500630015526000330021830000300025150400530028152006880033465000280102265000230105065000280107370000260110120200406082853.0200225s1971 xxu |||fr|||| 00| 0 spa d a9784871874168 aCO-BoUCMbspacDeissy GarciadDeissy Garcia0 aeng1 aAvedon, Elliott M.14aThe study of games cElliott M. Avedon, Brian Sutton-Smith aNueva YorkbISHI PRESSc1971 axiv, 530 páginasc23 cm aIncluye referencias bibliográficas e índices3 aThis is a comprehensive study of all games, board games, card games, strategy games, children's games and sporting games such as baseball. What is the history of games? Why do people play games? The authors, Elliott Morton Avedon and Brian Sutton-Smith are recognized authorities on the study of games. Elliott Morton Avedon is the author of “Therapeutic Recreation Service: An Applied Behavioural Approach”. Brian Sutton-Smith is focused on children's games, adult games, children's play, children's drama, films and narratives, as well as children's gender issues and sibling position. Brian Sutton-Smith is the author of some 50 books and some 350 scholarly articles on games.17aTeoría de los juegos 17aJuegos educativos 10aJuegosxInvestigaciones1 aSutton-Smith, Brian,